| 000 | 00533nam a2200145 a 4500 | ||
|---|---|---|---|
| 008 | 120416s1975 ||||||||||||||||| || u | ||
| 050 | _aHF 5548.8 Mot | ||
| 100 | _aSteers, Richard M | ||
| 245 | 1 | 0 |
_aMotivation and work behaviour _cedited by Richard M. Steers |
| 260 |
_aNew York _bMcGraw-Hill _c1975 |
||
| 300 | _axii, 585p. : ill. | ||
| 350 | _a0.00 | ||
| 700 | _aPorter, Lyman W | ||
| 995 |
_D0.00 _FCBU-MAIN LIBRARY (Kitwe) _H1 _I0.00 _M1 _UDAMAGED _ZMain Library Open Access Collection |
||
| 999 |
_c51719 _d51719 |
||